MARC

LEADER 00000nam0a2200000 4500
001 309140
005 20231102002148.0
020 |a RU  |b 81-94253 
035 |a (RuTPU)RU\TPU\book\334462 
090 |a 309140 
100 |a 20151110d1981 k y0rusy5003 ca 
101 0 |a rus 
102 |a RU 
105 |a y z 001zy 
200 1 |a Изучение статистических зависимостей по многолетним данным  |f О. П. Крастинь 
210 |a Москва  |c Финансы и статистика  |d 1981 
215 |a 136 с. 
225 1 |a Математическая статистика для экономистов 
320 |a Библиогр.: с. 133-134 
606 1 |a Экономика  |x Статистические методы  |2 stltpush  |3 (RuTPU)RU\TPU\subj\26552  |9 50453 
610 1 |a статистические наблюдения 
610 1 |a статистические зависимости 
610 1 |a многолетние данные 
610 1 |a средние значения 
610 1 |a сравнительная оценка 
610 1 |a ковариационный анализ 
610 1 |a множественный анализ 
610 1 |a регрессия 
610 1 |a динамические ряды 
686 |a Ув631.8  |2 rubbk 
700 1 |a Крастинь  |b О. П.  |g Ольгерт Петрович  |4 070 
801 0 |a RU  |b RuMRKP  |c 19950704  |g psbo 
801 1 |a RU  |b 63413507  |c 20151110 
801 2 |a RU  |b 63413507  |c 20230407  |g RCR 
942 |c BK